Statistics for 10 Westernmost Countries That Start with "S"

Click here to take the quiz!

General Stats

  • This quiz has been taken 3,966 times
  • The average score is 7 of 10

Answer Stats

DegreesCountry% Correct
18°09'WSpain
86%
58°50'WSuriname
84%
62°51'WSaint Kitts and Nevis
80%
61°04'WSaint Lucia
80%
61°26'WSaint Vincent and the Grenadines
78%
17°27'WSenegal
78%
13°18'WSierra Leone
61%
172°48'WSamoa
60%
6°33'ESão Tomé and Príncipe
58%
5°57'WSwitzerland
58%

Score Distribution

Percentile by Number Answered

Percent of People with Each Score

Your Score History

You have not taken this quiz